El Rococó I.

El Rococó como estilo puramente decorativo. Evolución del Barroco con el propósito de alegrar su pesadez y solemnidad. Trabajos sobre plata y porcelana en objetos decorativos pequeños.

Guardado en:
Formato: Deslizar
Series:Historia del arte
Materias:
Etiquetas: Agregar Etiqueta
Sin Etiquetas, Sea el primero en etiquetar este registro!
LEADER 00856ngm a22002295g 4500
001 CEM.cems022591
008 130507b2001##################0###0#####d
005 20241108140723.0
245 0 0 |a El Rococó I. 
300 |a 30'. 
490 0 |a Historia del arte 
500 |a En soporte VHS, consultar en ventanilla. 
520 |a El Rococó como estilo puramente decorativo. Evolución del Barroco con el propósito de alegrar su pesadez y solemnidad. Trabajos sobre plata y porcelana en objetos decorativos pequeños. 
538 |a Soporte: VHS - Norma: Pal N - Color: Si - Grabación DRD 2001 - Hitachi=4785 
082 7 0 |/ ART-3 
653 |a ARTE 
653 |a HISTORIA DEL ARTE 
653 |a PINTURA 
653 |a ROCOCO 
653 |a NIVEL PRIMARIO 
653 |a NIVEL SECUNDARIO 
859 |a CEMS  |b BIB. CEMS - Depto. Recursos Didacticos  |h 709  |i ART-3  |k DRD  |p 1234.12  |t Ej.1